New Zealand Icons - Kiwiana - Statistics

General Stats
  • This quiz has been taken 706 times
    699 since last reset
  • The average score is 12 of 20
Answer Stats
Hint Answer % Correct
New Zealand's bird Kiwi
100%
Farm animal Sheep
91%
New Zealand dessert Pavlova
83%
Shoes for the rain Gumboots
82%
Shoes for summer Jandals
77%
Outdoor cooking Barbeque
74%
NZ fizzy drink Lemon and Paeroa
74%
Fruit for decorating above dessert Strawberries
74%
Alternative fruit for decorating above dessert Kiwifruit
73%
Ice cream flavour Hokey Pokey
67%
Takeaways Fish and chips
62%
National plant symbol Silver fern
62%
Children's toy Buzzy Bee
53%
Pest that destroys native bush Possum
53%
Living dinosaur Tuatara
51%
New Zealand's Christmas tree Pohutukawa
46%
Shellfish Paua
42%
New Zealand candy Pineapple lumps
31%
Another alternative fruit for decorating above dessert Passionfruit
19%
Maori carving Tiki
18%
No matching quizzes found
Score Distribution
Percent of People with Each Score
Percentile by Number Answered
Your Score History
You have not taken this quiz since the last reset